000 00933cam a22003137a 4500
003 CHAP
005 20220329143020.0
008 050819d2001 mx r 00110 spa d
010 _a90705
011 _a91677
020 _a9706136339
035 _a102238
040 _cCHAP
082 0 4 _a621.01
_bM35 2001
100 0 0 _aManrique Valadez, José Angel.
_970538
245 1 0 _aTermodinámica
_c/por José Angel Manrique Valadez
250 _a3 ed.
260 _aMéxico, D. F. :
_bOxford,
_c2001.
300 _a546 p.
590 _aBATCH-UPD
_b10
_c20130110
_lUCH01
_h0750
590 _aBATCH-UPD
_b10
_c20130410
_lUCH01
_h0430
590 _aBATCH-UPD
_b10
_c20130914
_lUCH01
_h1744
590 _aCONVERSION
_b10
_c20130109
_lUCH01
_h1350
650 1 4 _aTermodinámica.
_9112366
901 _aBK
905 _aLilia
942 _cLIBRO
949 _a621.01 M35 2001
_bBC
_cLIBRO
_d33724000975728
_eLIBRO
_gI.c/e
_h106533
_i102238
_si
_t$236.00
999 _c90705
_d90705